| 000 | 00690nam a2200217 a 4500 | ||
|---|---|---|---|
| 005 | 20240315063649.0 | ||
| 008 | 070823s2003 ag r 000 0 spa d | ||
| 020 | _a9508921552 | ||
| 035 | _aUPN01000151305 | ||
| 049 | _aCG | ||
| 050 | 4 |
_aPC4065 _bA7.3 |
|
| 100 | 1 | _aArchanco, Pamela | |
| 245 | 1 | 0 |
_aEnseñar lengua y literatura : _bactividades que favorecen el aprendizaje / _cPamela Archanco, Ana María Finocchio, Carlos Yujnovsky. |
| 260 |
_aBuenos Aires : _bLugar, _c2003. |
||
| 300 | _a191 p. | ||
| 440 | 0 | _aEn las aulas | |
| 650 | 4 |
_aEspañol _xEstudio y enseñanza _97357 |
|
| 700 | 1 |
_aFinocchio, Ana María, _ecoaut. |
|
| 700 | 1 |
_aYujnovsky, Carlos, _ecoaut. |
|
| 905 | _aLibro | ||
| 999 |
_c123443 _d123443 |
||